00366 2200157 4500245004300000020002200043250001100065100001800076650001600094005001900110260003300129041001400162084000800176300001500184336000900199 aBetween Two RosescLucy LiestiyohText a978-602-455-620-4 aCet. 1 aLucy Liestiyo aNovel Fiksi a20230109090725 aJakartabBhuana Sastrac2018 aIndonesia a813 a215 hlm. : atext